| 000 | 00474nam a22001697a 4500 | ||
|---|---|---|---|
| 003 | SGT | ||
| 020 | _a9789392787225 | ||
| 082 |
_a610.73 _bP22R |
||
| 100 | _aRASHTOGI, RAJIV | ||
| 245 | _aPRAKRITIK CHIKITSA AND YOG : PURAN SWASTHYA KA MUL AADHAR (IN HINDI) | ||
| 250 | _a1ST | ||
| 260 |
_aINDIA _bSSB PUB. _c2022 |
||
| 300 | _a54 | ||
| 650 | _aNURSING | ||
| 653 | _aPRAKRITIK CHIKITSA AND YOG PURAN SWASTHYA KA MUL AADHAR, SGTU FACULTY PUBLICATION | ||
| 942 |
_2ddc _cBK |
||
| 999 |
_c24467 _d24467 |
||